000 00716aas a2200217 4500
999 _c3771
_d3771
003 BR-BrBNA
005 20230317233910.0
007 ta
008 230119b bl ||||| |||| 00| 0 por d
035 _a000485-5
040 _aBR-BrBNA
_bPor
_cBR-BrBNA
042 _aN
044 _abl
245 _aSérie Relatórios - Empresa de Assistência Técnica e extensão Rural do Estado do Pará (Brazil)
260 _aBelém-PA
_bEmpresa de Assistência Técnica e Extensão Rural do Estado do Pará
_c1982. Data final de publicação em 1983
_eBPA
270 _aAv. Almirante Barroso, 717 - Cep: 66.000-Belém-PA
310 _airregular
505 _a1982 (1,5fe); 1983 11(3);
909 _a56
_bSergio Santos
_c56
_dSergio Santos
942 _cCR
_2AGRIS